Les plus grandes villes d'Île de France. - Statistiques

Statistiques générales
  • Ce quiz a été pris 6 500 fois
    6 179 depuis la dernière actualisation
  • Le résultat moyen est 11 sur 20
Réponses sur la Carte
Les réponses sont colorées sur une échelle allant du rouge au vert en fonction du pourcentage des utilisateurs qui les ont devinées à leur premier essai. Vous pouvez retrouver ces pourcentages ci-dessous.
 
Statistiques - réponses
Population Ville % Correct
2 175 601 Paris
99%
112 091 Saint-Denis
90%
85 205 Versailles
83%
96 807 Nanterre
78%
121 334 Boulogne-Billancourt
75%
92 265 Créteil
74%
67 131 Évry-Courcouronnes
73%
109 914 Montreuil
63%
110 213 Argenteuil
60%
87 572 Aubervilliers
54%
68 260 Issy-les-Moulineaux
52%
94 649 Vitry-sur-Seine
44%
86 278 Aulnay-sous-Bois
41%
86 052 Colombes
41%
85 946 Asnières-sur-Seine
38%
82 198 Courbevoie
35%
77 986 Rueil-Malmaison
33%
72 109 Drancy
30%
75 298 Saint-Maur-des-Fossés
29%
77 039 Champigny-sur-Marne
28%
Aucun quiz correspondant
Distribution des résultats
% des personnes avec chaque résultat
Percentile par nombre de réponses
Votre historique - résultats
Vous n’avez pas pris ce quiz depuis la dernière actualisation